[Event "Grand Prix"]
[Site "Montreal CAN"]
[Date "1995.05.18"]
[Round "1"]
[White "Rousseau, Daniel"]
[Black "Beaulieu, Sylvain"]
[Result "0-1"]
[WhiteElo "2004"]
[BlackElo "1537"]
[PlyCount "98"]
[GameId "2160767912064585"]
[EventDate "1995.05.19"]
[EventType "swiss"]
[EventRounds "5"]
[EventCountry "CAN"]
[SourceTitle "hb 2011"]

1. c4 e5 2. Nc3 Nc6 3. g3 Nf6 4. Bg2 Bc5 5. Nf3 d6 6. a3 a6 7. d3 h6 8. O-O O-O 9. b4 Ba7 10. Bb2 Be6 11. Nd2 Rb8 12. Nb3 Qd7 13. Rc1 Rfe8 14. Nd5 Bxd5 15. cxd5 Ne7 16. Qc2 Rec8 17. e4 c6 18. dxc6 Nxc6 19. Qd2 Qe6 20. Na5 Nd4 21. Rxc8+ Qxc8 22. Bxd4 Bxd4 23. Rc1 Qd7 24. Nb3 Bb6 25. h3 Rc8 26. Rxc8+ Qxc8 27. Qc1 Qxc1+ 28. Nxc1 Bd4 29. Ne2 Bb2 30. a4 Nd7 31. Bf3 Kf8 32. Bg4 Ke7 33. f4 Kd8 34. Bxd7 Kxd7 35. b5 Kc7 36. d4 exd4 37. Kf1 d3 38. Ng1 Kb6 39. bxa6 bxa6 40. Ke1 Bc3+ 41. Kd1 Ka5 42. Nf3 Kxa4 43. e5 dxe5 44. Nxe5 Bxe5 45. fxe5 Kb3 46. g4 a5 47. h4 a4 48. g5 hxg5 49. hxg5 g6 0-1

[Event "Grand Prix"]
[Site "Montreal CAN"]
[Date "1995.05.19"]
[Round "2"]
[White "Rousseau, Daniel"]
[Black "Linskiy, Oleg"]
[Result "0-1"]
[WhiteElo "2004"]
[BlackElo "2358"]
[PlyCount "80"]
[GameId "2160767912064587"]
[EventDate "1995.05.19"]
[EventType "swiss"]
[EventRounds "5"]
[EventCountry "CAN"]
[SourceTitle "EXT 2022"]
[Source "ChessBase"]
[SourceDate "2021.10.06"]
[SourceVersion "1"]
[SourceVersionDate "2021.10.06"]
[SourceQuality "1"]

1. e4 c5 2. Nf3 Nc6 3. d4 cxd4 4. Nxd4 g6 5. Nxc6 bxc6 6. Qd4 Nf6 7. e5 Nd5 8. e6 f6 9. exd7+ Bxd7 10. Bd3 Qb6 11. Qh4 Qb4+ 12. Qxb4 Nxb4 13. Be4 Bf5 14. Bxf5 gxf5 15. Na3 e5 16. Ke2 O-O-O 17. Be3 f4 18. Bd2 Rg8 19. g3 f3+ 20. Ke1 Bc5 21. Rd1 Rg4 22. Be3 Rxd1+ 23. Kxd1 Bxe3 24. fxe3 Nd5 25. Kd2 Kc7 26. c4 Nb4 27. Kc3 a5 28. Rf1 e4 29. Kd4 Kd6 30. c5+ Ke6 31. Nc4 Nxa2 32. Nxa5 Nb4 33. Nc4 Rg5 34. Kxe4 Rg4+ 35. Kxf3 Rxc4 36. Ra1 Nd3 37. e4 Ne5+ 38. Ke3 Rxc5 39. Ra7 h6 40. h3 Rb5 0-1

[Event "Grand Prix"]
[Site "Montreal CAN"]
[Date "1995.05.19"]
[Round "3"]
[White "Boulay, David"]
[Black "Rousseau, Daniel"]
[Result "1/2-1/2"]
[WhiteElo "1666"]
[BlackElo "2004"]
[PlyCount "155"]
[GameId "2160767912064589"]
[EventDate "1995.05.19"]
[EventType "swiss"]
[EventRounds "5"]
[EventCountry "CAN"]
[SourceTitle "hb 2011"]

1. e4 e5 2. Nf3 Nc6 3. Nc3 Nf6 4. d4 exd4 5. Nxd4 Bc5 6. Be3 Nxd4 7. Bxd4 Qe7 8. Be2 O-O 9. O-O Re8 10. Bf3 Bxd4 11. Qxd4 d6 12. Rfe1 Bd7 13. Qb4 Bc6 14. Nd5 Qd8 15. Rad1 Nd7 16. g3 a5 17. Qc3 Bxd5 18. exd5 Rxe1+ 19. Rxe1 Ne5 20. Bg2 b6 21. f4 Ng6 22. Bh3 a4 23. Qc6 Kf8 24. Qc3 Ra5 25. Qd4 Qa8 26. Bd7 Ne7 27. Qe4 Qd8 28. Bxa4 f5 29. Qc4 Rc5 30. Qe2 Nxd5 31. Qe6 Ne7 32. b4 Rc3 33. Bb3 d5 34. Qe5 Rc6 35. Ba4 Rc4 36. Qb2 Qd6 37. a3 b5 38. Bb3 Qb6+ 39. Kg2 Re4 40. Qc3 Qe6 41. Rxe4 Qxe4+ 42. Kh3 c6 43. a4 Qe2 44. Qd3 Qxd3 45. cxd3 bxa4 46. Bxa4 Ke8 47. d4 Kd7 48. Kg2 Kc7 49. Bc2 Kb6 50. Bd3 g6 51. Kf3 Nc8 52. Ke3 Nd6 53. Be2 Ne4 54. Bf1 Nc3 55. h3 Na2 56. g4 Nxb4 57. gxf5 gxf5 58. h4 c5 59. dxc5+ Kxc5 60. Bh3 d4+ 61. Kd2 Nd5 62. Bxf5 h6 63. Bg6 Nxf4 64. h5 Kd6 65. Bf7 Ke5 66. Be8 Kf6 67. Kc2 Kg5 68. Kd2 Nxh5 69. Kd3 Ng7 70. Bd7 Kf4 71. Kxd4 h5 72. Kd3 Kf3 73. Kd2 Kf2 74. Kd3 h4 75. Ke4 Nh5 76. Bc8 Kg3 77. Ke3 Nf4 78. Bd7 1/2-1/2

[Event "Grand Prix"]
[Site "Montreal CAN"]
[Date "1995.05.20"]
[Round "4"]
[White "Rousseau, Daniel"]
[Black "Cormos, Eugene"]
[Result "1/2-1/2"]
[WhiteElo "2004"]
[BlackElo "1861"]
[PlyCount "162"]
[GameId "2160767912064592"]
[EventDate "1995.05.19"]
[EventType "swiss"]
[EventRounds "5"]
[EventCountry "CAN"]
[SourceTitle "hb 2011"]

1. e4 e5 2. Nf3 Nc6 3. Bb5 a6 4. Ba4 Nf6 5. O-O Be7 6. Re1 b5 7. Bb3 d6 8. c3 O-O 9. h3 Na5 10. Bc2 c5 11. d4 cxd4 12. cxd4 Qc7 13. Nbd2 Nc6 14. d5 Nb4 15. Bb1 a5 16. Nf1 Bd7 17. a3 Na6 18. Be3 Nc5 19. N1d2 Rfc8 20. Bc2 Qb7 21. Qb1 a4 22. b4 axb3 23. Nxb3 Na4 24. Nbd2 Nc3 25. Qb2 Qc7 26. Bd3 Na4 27. Qb1 Nc3 28. Qb3 Ra4 29. Rac1 Qa5 30. Nb1 Nxb1 31. Rxc8+ Bxc8 32. Qxb1 Rxa3 33. Bd2 Qd8 34. Bxb5 Bd7 35. Bc6 Bxc6 36. dxc6 Qc7 37. Rc1 d5 38. Bb4 Bxb4 39. Qxb4 Ra7 40. exd5 Nxd5 41. Qc5 Ra5 42. Qc4 Ne7 43. Ng5 Rd5 44. Qa2 h6 45. Ne4 Ra5 46. Qc4 Rd5 47. Qb3 Ra5 48. Qb7 Ra7 49. Qb4 Ra6 50. Qb7 Ra7 51. Qb5 Ra5 52. Qc4 Rd5 53. Nc3 Rd4 54. Qc5 Qd6 55. Nb5 Qxc5 56. Rxc5 Rd1+ 57. Kh2 Nc8 58. Rxe5 Kf8 59. Nc7 Rd8 60. Na6 f6 61. Rb5 Ke7 62. Rb7+ Kd6 63. Rxg7 Kxc6 64. Nb4+ Kb5 65. Nc2 Rd2 66. Rc7 Nd6 67. f3 Nf5 68. Na3+ Kb4 69. Rc2 Rxc2 70. Nxc2+ Kc3 71. Na3 Nd6 72. Kg3 Kb2 73. Kh4 Kxa3 74. Kh5 Nf5 75. g4 Nd4 76. f4 Ne6 77. f5 Nf4+ 78. Kxh6 Nxh3 79. Kg6 Nf2 80. g5 fxg5 81. f6 Ng4 1/2-1/2

[Event "Grand Prix"]
[Site "Montreal CAN"]
[Date "1995.05.20"]
[Round "5"]
[White "Rousseau, Daniel"]
[Black "Torvanger, Yngue"]
[Result "0-1"]
[WhiteElo "2004"]
[BlackElo "2058"]
[PlyCount "70"]
[GameId "2160767912064594"]
[EventDate "1995.05.19"]
[EventType "swiss"]
[EventRounds "5"]
[EventCountry "CAN"]
[SourceTitle "hb 2011"]

1. e4 e5 2. Nf3 Nc6 3. Bb5 f5 4. Nc3 fxe4 5. Nxe4 Nf6 6. d3 d6 7. c3 Be7 8. Qb3 Nxe4 9. dxe4 a6 10. Be2 Na5 11. Qd1 Be6 12. h4 Qd7 13. Ng5 O-O 14. Nxe6 Qxe6 15. Qa4 Qf6 16. Be3 Nc6 17. Qb3+ Kh8 18. Qxb7 Nd4 19. cxd4 exd4 20. Bg5 Qxf2+ 21. Kd1 Bxg5 22. hxg5 Qxg2 23. Re1 Rab8 24. Qd5 Rxb2 25. Qxd4 Rfb8 26. Rc1 c5 27. Qd5 R2b4 28. Bc4 Rb2 29. Bf1 Qf3+ 30. Be2 Qg2 31. Bxa6 Rxa2 32. Bf1 Qf3+ 33. Be2 Qa3 34. Bc4 Qa4+ 35. Bb3 Rxb3 0-1

[Event "Paul Keres Specialiste"]
[Site "Montreal CAN"]
[Date "1995.01.31"]
[Round "2"]
[White "Rouleau, Paul"]
[Black "Rousseau, Daniel"]
[Result "0-1"]
[WhiteElo "1896"]
[BlackElo "2065"]
[PlyCount "82"]
[GameId "2160767912064848"]
[EventDate "1995.01.10"]
[EventType "tourn"]
[EventRounds "6"]
[EventCountry "CAN"]
[SourceTitle "hb 2011"]

1. e4 e5 2. Nf3 Nc6 3. Bb5 a6 4. Ba4 Nf6 5. O-O b5 6. Bb3 Bb7 7. Re1 Bc5 8. c3 d6 9. d4 Bb6 10. Bc2 Qd7 11. b3 O-O-O 12. Bb2 g5 13. Nbd2 h5 14. a4 h4 15. c4 g4 16. axb5 axb5 17. cxb5 Ne7 18. Nc4 gxf3 19. Nxb6+ cxb6 20. dxe5 Qg4 21. Qxf3 Qxf3 22. gxf3 Rhg8+ 23. Kf1 Nh5 24. exd6 Ng6 25. e5 Bxf3 26. Bf5+ Kb7 27. Rec1 Ngf4 28. Rc7+ Kb8 29. Rxf7 Bg2+ 30. Ke1 Bd5 31. Rfa7 Rg1+ 32. Kd2 Rxa1 33. Rxa1 Ng7 34. Bg4 Nge6 35. Bxe6 Nxe6 36. Ra4 h3 37. Rh4 Rf8 38. Ke1 Rf3 39. Bd4 Rd3 40. Bxb6 Bf3 41. Ba7+ Ka8 0-1

[Event "Paul Keres Specialiste"]
[Site "Montreal CAN"]
[Date "1995.02.02"]
[Round "3"]
[White "Rousseau, Daniel"]
[Black "Bergeron, Marc"]
[Result "0-1"]
[WhiteElo "2065"]
[BlackElo "2032"]
[PlyCount "78"]
[GameId "2160767912064850"]
[EventDate "1995.01.10"]
[EventType "tourn"]
[EventRounds "6"]
[EventCountry "CAN"]
[SourceTitle "hb 2011"]

1. e4 e6 2. d4 d5 3. Nc3 Nf6 4. e5 Nfd7 5. f4 c5 6. Nf3 Nc6 7. Be3 a6 8. Qd2 b5 9. Be2 Qb6 10. O-O cxd4 11. Nxd4 Bc5 12. Rad1 Bb7 13. Bf3 Nxd4 14. Bxd4 Bxd4+ 15. Qxd4 Qxd4+ 16. Rxd4 Rc8 17. a4 bxa4 18. Rxa4 Ke7 19. Rb4 Rc7 20. Ne2 a5 21. Rd4 Rxc2 22. Ra1 Rxb2 23. Rxa5 Rc8 24. h3 Rcc2 25. Kf1 Bc6 26. Ke1 Bb5 27. Ng3 Bc4 28. Ra7 Ra2 29. Rc7 Kd8 30. Rc6 Rcb2 31. Rd1 g6 32. Rxc4 dxc4 33. Bc6 Ra7 34. Ne4 Ke7 35. Nd6 Rc7 36. Nxc4 Rc2 37. Bb5 R2xc4 38. Rxd7+ Rxd7 39. Bxc4 Rd4 0-1

[Event "Paul Keres Specialiste"]
[Site "Montreal CAN"]
[Date "1994.02.09"]
[Round "4"]
[White "Rousseau, Daniel"]
[Black "Leger, Manon"]
[Result "1/2-1/2"]
[WhiteElo "2065"]
[BlackElo "1905"]
[PlyCount "88"]
[GameId "2160767912064851"]
[EventDate "1995.01.10"]
[EventType "tourn"]
[EventRounds "6"]
[EventCountry "CAN"]
[SourceTitle "hb 2011"]

1. e4 e5 2. Nf3 Nf6 3. Nxe5 d6 4. Nf3 Nxe4 5. d4 d5 6. Bd3 Bd6 7. O-O O-O 8. c4 c6 9. Nc3 Nxc3 10. bxc3 dxc4 11. Bxc4 Bg4 12. h3 Bh5 13. Re1 Nd7 14. g4 Bg6 15. Bg5 Qc7 16. Nh4 Rae8 17. Qf3 Nb6 18. Bb3 Nd5 19. c4 Bf4 20. cxd5 Bxg5 21. Nxg6 hxg6 22. dxc6 bxc6 23. Re4 Rxe4 24. Qxe4 Qd6 25. Re1 Bd8 26. Qf3 Qf6 27. Qxf6 Bxf6 28. Rc1 Bxd4 29. Rxc6 Kh7 30. h4 f6 31. Rc4 Bb6 32. Bc2 Kh6 33. Kg2 g5 34. hxg5+ Kxg5 35. Kg3 g6 36. f4+ Kh6 37. Rc6 Kg7 38. g5 f5 39. Bb3 Rd8 40. Re6 Rd3+ 41. Kg2 Rd2+ 42. Kf3 Rd3+ 43. Ke2 Rd7 44. Re8 Bc5 1/2-1/2

[Event "Paul Keres Specialiste"]
[Site "Montreal CAN"]
[Date "1995.02.14"]
[Round "5"]
[White "Rousseau, Daniel"]
[Black "Morin, Louis"]
[Result "0-1"]
[WhiteElo "2065"]
[BlackElo "1934"]
[PlyCount "70"]
[GameId "2160767912064853"]
[EventDate "1995.01.10"]
[EventType "tourn"]
[EventRounds "6"]
[EventCountry "CAN"]
[SourceTitle "hb 2011"]

1. e4 d5 2. exd5 Qxd5 3. Nc3 Qa5 4. d4 e5 5. Qe2 Nc6 6. dxe5 Bb4 7. Bd2 Bf5 8. Nf3 O-O-O 9. a3 Nf6 10. Rc1 Bxc3 11. Bxc3 Qd5 12. b3 Rhe8 13. Qc4 Be4 14. Be2 Bxf3 15. gxf3 Nxe5 16. Qxd5 Nxd5 17. Bxe5 Rxe5 18. Kf1 Nf4 19. Bc4 b5 20. Bd3 Nxd3 21. cxd3 Rxd3 22. Rg1 g6 23. f4 Rh5 24. Rb1 Rxh2 25. Ke2 Rhh3 26. f5 Rxb3 27. Rxb3 Rxb3 28. fxg6 hxg6 29. Rg5 Rxa3 30. Rxb5 Kd7 31. f4 f6 32. f5 g5 33. Rd5+ Kc6 34. Rd8 Ra5 35. Ra8 Kb7 0-1

[Event "Paul Keres Specialiste"]
[Site "Montreal CAN"]
[Date "1995.02.21"]
[Round "6"]
[White "Patterson, Roger"]
[Black "Rousseau, Daniel"]
[Result "1/2-1/2"]
[WhiteElo "1981"]
[BlackElo "2065"]
[PlyCount "37"]
[GameId "2160767912064854"]
[EventDate "1995.01.10"]
[EventType "tourn"]
[EventRounds "6"]
[EventCountry "CAN"]
[SourceTitle "hb 2011"]

1. e4 e5 2. Nf3 Nc6 3. Bb5 a6 4. Ba4 Nf6 5. O-O b5 6. Bb3 Bb7 7. c3 Nxe4 8. d4 Be7 9. Re1 d5 10. dxe5 Na5 11. Bc2 Nc4 12. Nbd2 Bc5 13. Nxe4 dxe4 14. Qxd8+ Rxd8 15. Bxe4 Bxe4 16. Rxe4 Rd1+ 17. Re1 Rxe1+ 18. Nxe1 Nxe5 19. Bf4 1/2-1/2

[Event "Pere Noel"]
[Site "Montreal CAN"]
[Date "1994.12.28"]
[Round "3"]
[White "Rousseau, Daniel"]
[Black "Ross, Dave"]
[Result "0-1"]
[WhiteElo "2136"]
[BlackElo "2344"]
[PlyCount "72"]
[GameId "2160767912140041"]
[EventDate "1994.12.26"]
[EventType "swiss"]
[EventRounds "5"]
[EventCountry "CAN"]
[SourceTitle "EXT 2022"]
[Source "ChessBase"]
[SourceDate "2021.10.06"]
[SourceVersion "1"]
[SourceVersionDate "2021.10.06"]
[SourceQuality "1"]

1. e4 e6 2. d4 d5 3. Nc3 Bb4 4. e5 c5 5. a3 Bxc3+ 6. bxc3 Ne7 7. Nf3 b6 8. Bb5+ Bd7 9. Be2 h6 10. a4 Nbc6 11. O-O Qc7 12. Re1 O-O 13. Bf1 f6 14. Ba3 fxe5 15. dxc5 Rf5 16. c4 e4 17. cxb6 axb6 18. Nd4 Nxd4 19. Bxe7 Qe5 20. c5 bxc5 21. Bxc5 Nc6 22. Bb5 Be8 23. c4 Bh5 24. Qc2 Nd4 25. Bxd4 Qxd4 26. cxd5 Raf8 27. Qxe4 Qxf2+ 28. Kh1 exd5 29. Qe6+ Kh8 30. h3 Bf3 31. Bf1 Be4 32. Qd6 R8f6 33. Qb8+ Kh7 34. Kh2 Rg5 35. Re2 Qd4 36. Rae1 Rgf5 0-1

[Event "Pere Noel"]
[Site "Montreal CAN"]
[Date "1994.12.29"]
[Round "4"]
[White "Patterson, Roger"]
[Black "Rousseau, Daniel"]
[Result "0-1"]
[WhiteElo "1983"]
[BlackElo "2136"]
[PlyCount "92"]
[GameId "2160767912140047"]
[EventDate "1994.12.26"]
[EventType "swiss"]
[EventRounds "5"]
[EventCountry "CAN"]
[SourceTitle "hb 2011"]

1. e4 e5 2. Nf3 Nc6 3. Bb5 a6 4. Ba4 Nf6 5. O-O b5 6. Bb3 Bb7 7. Re1 Bc5 8. c3 d6 9. d4 Bb6 10. Be3 Qd7 11. d5 Ne7 12. Bxb6 cxb6 13. Nbd2 O-O 14. c4 b4 15. Ba4 Qg4 16. Qb3 a5 17. Qe3 Ng6 18. h3 Qh5 19. Nf1 Nf4 20. Ng3 Nxh3+ 21. gxh3 Qxh3 22. Qxb6 h5 23. Qxd6 h4 24. Qxe5 hxg3 25. Qxg3 Qc8 26. e5 Nh5 27. Qh4 Ra6 28. Qxh5 Rh6 29. Qg5 Rg6 30. e6 Rxg5+ 31. Nxg5 Qxc4 32. e7 Qg4+ 33. Kh2 Qf4+ 34. Kg1 Qxg5+ 35. Kh2 f5 36. exf8=Q+ Kxf8 37. Bc6 Qh6+ 38. Kg3 Qg5+ 39. Kf3 Qg4+ 40. Ke3 Qe4+ 41. Kd2 Qd4+ 42. Kc2 Qc4+ 43. Kd2 Ba6 44. Rad1 a4 45. f3 a3 46. bxa3 Qc3# 0-1

[Event "Pere Noel"]
[Site "Montreal CAN"]
[Date "1994.12.30"]
[Round "5"]
[White "Leriche, Felix"]
[Black "Rousseau, Daniel"]
[Result "1-0"]
[WhiteElo "2068"]
[BlackElo "2136"]
[PlyCount "108"]
[GameId "2160767912140051"]
[EventDate "1994.12.26"]
[EventType "swiss"]
[EventRounds "5"]
[EventCountry "CAN"]
[SourceTitle "hb 2011"]

1. e4 e5 2. f4 exf4 3. Nc3 Qh4+ 4. Ke2 Nf6 5. Nf3 Qh5 6. d4 d5 7. e5 Ne4 8. Nxd5 g5 9. Ke1 Be7 10. Bd3 f5 11. exf6 Nxf6 12. Nxc7+ Kd8 13. Nxa8 g4 14. Bxf4 gxf3 15. Qxf3 Qxf3 16. gxf3 Nc6 17. Rd1 Nh5 18. d5 Nxf4 19. dxc6 Bh4+ 20. Kd2 bxc6 21. Kc1 Bd7 22. Bf5 Nd5 23. Bxd7 Kxd7 24. c4 Rxa8 25. cxd5 c5 26. Rhg1 Bf6 27. Rde1 Bd4 28. Rg5 Rf8 29. Rh5 Rxf3 30. Rxh7+ Kd6 31. Rxa7 Rf2 32. Rb7 Rxh2 33. a4 Kxd5 34. a5 c4 35. Rd1 Kc6 36. a6 Be3+ 37. Kb1 Rh5 38. Rf1 Bc5 39. Rff7 Rh1+ 40. Ka2 Rh8 41. a7 Ra8 42. Kb1 Bb6 43. Kc2 Bd4 44. Rfe7 Bc5 45. Rec7+ Kd6 46. Kc3 Bb6 47. Rd7+ Kc5 48. Rb8 Rxa7 49. Rxa7 Bxa7 50. Rc8+ Kb5 51. Rxc4 Bf2 52. b4 Ka4 53. Rc8 Kb5 54. Rb8+ Kc6 1-0

[Event "Premiere Neige"]
[Site "Montreal CAN"]
[Date "1994.11.26"]
[Round "1"]
[White "Vachon, Pierre"]
[Black "Rousseau, Daniel"]
[Result "1/2-1/2"]
[WhiteElo "1741"]
[BlackElo "2119"]
[PlyCount "93"]
[GameId "2160767912140067"]
[EventDate "1994.11.26"]
[EventType "swiss"]
[EventRounds "4"]
[EventCountry "CAN"]
[SourceTitle "hb 2011"]

1. e4 e5 2. Nf3 Nc6 3. c3 Nf6 4. d4 exd4 5. e5 Qe7 6. cxd4 d6 7. Bb5 d5 8. Nc3 a6 9. Be2 Ne4 10. Nxd5 Qd8 11. Nc3 Bb4 12. Bd2 Nxd2 13. Qxd2 Bg4 14. Rd1 O-O 15. O-O f6 16. exf6 Rxf6 17. Ne5 Be6 18. a3 Bd6 19. Ne4 Rh6 20. Nxd6 Qxd6 21. f4 Rd8 22. Nxc6 Qxc6 23. Qc3 Bd5 24. Qxc6 Rxc6 25. Rc1 Rg6 26. g3 Rb6 27. b4 a5 28. bxa5 Rb2 29. Bc4 Rg2+ 30. Kh1 Ra2+ 31. Bxd5+ Rxd5 32. Rxc7 Rxd4 33. Rxb7 Rdd2 34. Rc1 h5 35. a6 Rxh2+ 36. Kg1 Rhg2+ 37. Kf1 Rgf2+ 38. Kg1 Rg2+ 39. Kf1 Raf2+ 40. Ke1 Ra2 41. Kf1 Rh2 42. Kg1 Rag2+ 43. Kf1 Ra2 44. Kg1 Rhg2+ 45. Kf1 Raf2+ 46. Ke1 Ra2 47. Kf1 1/2-1/2

[Event "Premiere Neige"]
[Site "Montreal CAN"]
[Date "1994.11.26"]
[Round "2"]
[White "Rousseau, Daniel"]
[Black "Beauchamp, Jean-Pierre"]
[Result "1-0"]
[WhiteElo "2119"]
[BlackElo "2058"]
[PlyCount "51"]
[GameId "2160767912140068"]
[EventDate "1994.11.26"]
[EventType "swiss"]
[EventRounds "4"]
[EventCountry "CAN"]
[SourceTitle "hb 2011"]

1. e4 c5 2. Nf3 Nc6 3. d4 cxd4 4. Nxd4 Nf6 5. Nc3 d6 6. Bg5 e6 7. Qd2 a6 8. O-O-O Qc7 9. f4 Bd7 10. f5 Ne5 11. fxe6 fxe6 12. Bxf6 gxf6 13. Qf2 Bg7 14. Nce2 O-O-O 15. Nf4 Rhe8 16. Kb1 Kb8 17. Qg3 Bc8 18. Qb3 d5 19. Bxa6 Ng4 20. exd5 exd5 21. Nxd5 Rxd5 22. Qxd5 Ne3 23. Qb3 Nxd1 24. Rxd1 Qxh2 25. Nc6+ Kc7 26. Qf7+ 1-0

[Event "Premiere Neige"]
[Site "Montreal CAN"]
[Date "1994.11.27"]
[Round "3"]
[White "Rousseau, Daniel"]
[Black "Gardner, Robert"]
[Result "1-0"]
[WhiteElo "2119"]
[BlackElo "2197"]
[PlyCount "89"]
[GameId "2160767912140069"]
[EventDate "1994.11.26"]
[EventType "swiss"]
[EventRounds "4"]
[EventCountry "CAN"]
[SourceTitle "hb 2011"]

1. e4 c5 2. Nf3 d6 3. d4 cxd4 4. Nxd4 Nf6 5. Nc3 a6 6. Bg5 e6 7. f4 Be7 8. Qf3 Qc7 9. O-O-O Nbd7 10. g4 b5 11. Bxf6 Nxf6 12. g5 Nd7 13. f5 Nc5 14. f6 gxf6 15. gxf6 Bf8 16. Rg1 h5 17. Rg7 b4 18. Nd5 exd5 19. exd5 Bg4 20. Re1+ Kd8 21. Rxg4 hxg4 22. Qxg4 Qd7 23. Nc6+ Kc8 24. Qxb4 Qb7 25. Qc3 Kc7 26. Na5 Qxd5 27. b4 Bh6+ 28. Kb1 Rhe8 29. bxc5 Qxc5 30. Nc4 Rab8+ 31. Ka1 Rxe1+ 32. Qxe1 d5 33. Qe5+ Kb7 34. Nb2 Ka8 35. Nd3 Qc6 36. Bg2 Rd8 37. Nb4 Qd6 38. Bxd5+ Kb8 39. Nc6+ Kc7 40. c4 Qxe5+ 41. Nxe5 Rd6 42. Ng4 Bg5 43. Bxf7 Bxf6+ 44. Kb1 Rb6+ 45. Kc1 1-0

[Event "St-Jean op"]
[Site "St-Jean CAN"]
[Date "1994.11.05"]
[Round "1"]
[White "Lacombe, Simon"]
[Black "Rousseau, Daniel"]
[Result "0-1"]
[WhiteElo "1865"]
[BlackElo "2119"]
[PlyCount "56"]
[GameId "2160767912140128"]
[EventDate "1994.11.05"]
[EventType "swiss"]
[EventRounds "4"]
[EventCountry "CAN"]
[SourceTitle "hb 2011"]

1. e4 e5 2. Nf3 Nc6 3. Bb5 a6 4. Ba4 Nf6 5. O-O b5 6. Bb3 Bb7 7. Re1 Bc5 8. c3 d6 9. d4 Bb6 10. Qd3 h6 11. Nbd2 Qd7 12. Nf1 O-O-O 13. a4 g5 14. axb5 axb5 15. d5 Na5 16. c4 Nxe4 17. Rxe4 f5 18. Rxe5 g4 19. Re2 bxc4 20. Bxc4 Nxc4 21. Qxc4 gxf3 22. Rc2 fxg2 23. Ng3 Rde8 24. Bd2 f4 25. Ne2 f3 26. Nf4 Qg4 27. Ba5 Bxa5 28. Rxa5 Re1+ 0-1

[Event "St-Jean op"]
[Site "St-Jean CAN"]
[Date "1994.11.05"]
[Round "2"]
[White "Rousseau, Daniel"]
[Black "Filion, Charles"]
[Result "0-1"]
[WhiteElo "2119"]
[BlackElo "1966"]
[PlyCount "118"]
[GameId "2160767912140130"]
[EventDate "1994.11.05"]
[EventType "swiss"]
[EventRounds "4"]
[EventCountry "CAN"]
[SourceTitle "hb 2011"]

1. e4 c5 2. Nf3 Nc6 3. d4 cxd4 4. Nxd4 g6 5. Nc3 Bg7 6. Be3 Nf6 7. Be2 O-O 8. Nb3 d6 9. O-O b6 10. f4 Bb7 11. Bf3 Nd7 12. Rf2 Nc5 13. Rd2 Qc8 14. Nd4 Nxd4 15. Bxd4 Bxd4+ 16. Rxd4 Ne6 17. Rd2 Nxf4 18. Qe1 Ne6 19. Qh4 Re8 20. Nd5 Qc5+ 21. Kh1 Bxd5 22. exd5 Ng7 23. Re1 Rac8 24. g4 e5 25. Qf6 Qc7 26. Rf2 Qe7 27. Bd1 Qxf6 28. Rxf6 Rcd8 29. c3 Re7 30. Ba4 Ne8 31. Bxe8 Rexe8 32. Re4 Kg7 33. Rf1 Rf8 34. Ra4 Rd7 35. Ra6 f5 36. gxf5 gxf5 37. a4 Kf6 38. a5 bxa5 39. c4 e4 40. c5 Ke5 41. c6 Re7 42. Rxa5 f4 43. Rc1 f3 44. c7 f2 45. Raa1 f1=Q+ 46. Rxf1 Rxf1+ 47. Rxf1 Rxc7 48. h4 Kxd5 49. Kg2 Rg7+ 50. Kh3 e3 51. Rd1+ Ke5 52. Rd3 Ke4 53. Rxd6 e2 54. Re6+ Kf3 55. Rf6+ Ke3 56. Re6+ Kf2 57. Rf6+ Ke1 58. Re6 Rd7 59. Kg2 Kd2 0-1

[Event "St-Jean op"]
[Site "St-Jean CAN"]
[Date "1994.11.06"]
[Round "3"]
[White "Hua, Lefong"]
[Black "Rousseau, Daniel"]
[Result "0-1"]
[WhiteElo "1909"]
[BlackElo "2119"]
[PlyCount "60"]
[GameId "2160767912140133"]
[EventDate "1994.11.05"]
[EventType "swiss"]
[EventRounds "4"]
[EventCountry "CAN"]
[SourceTitle "hb 2011"]

1. d4 Nf6 2. c4 g6 3. Nc3 Bg7 4. e4 d6 5. f4 O-O 6. Nf3 c5 7. d5 a6 8. a4 e6 9. Be2 exd5 10. cxd5 Re8 11. Nd2 Nbd7 12. O-O Rb8 13. Qc2 Re7 14. a5 b5 15. axb6 Nxb6 16. Nc4 Nxc4 17. Bxc4 Rb4 18. Qd3 Qe8 19. Re1 Ng4 20. e5 Bxe5 21. fxe5 Nxe5 22. Rxe5 Rxe5 23. Bf4 Re1+ 24. Rxe1 Qxe1+ 25. Qf1 Qxf1+ 26. Kxf1 Rxc4 27. Bxd6 f6 28. Ke2 Rb4 29. Nd1 Bg4+ 30. Ke1 Re4+ 0-1

[Event "St-Jean op"]
[Site "St-Jean CAN"]
[Date "1994.11.06"]
[Round "4"]
[White "Rousseau, Daniel"]
[Black "Leger, Manon"]
[Result "1-0"]
[WhiteElo "2119"]
[BlackElo "1941"]
[PlyCount "45"]
[GameId "2160767912140136"]
[EventDate "1994.11.05"]
[EventType "swiss"]
[EventRounds "4"]
[EventCountry "CAN"]
[SourceTitle "hb 2011"]

1. e4 e5 2. Bc4 Nf6 3. Nc3 c6 4. Qe2 d6 5. f4 Bg4 6. Nf3 Nbd7 7. d3 Be7 8. Be3 O-O 9. O-O exf4 10. Bxf4 Qb6+ 11. Be3 Qxb2 12. Qd2 Qa3 13. Nb1 Qa4 14. Nd4 b5 15. Nxc6 bxc4 16. Nxe7+ Kh8 17. Nc3 Qa6 18. Bd4 cxd3 19. Qg5 h6 20. Qh4 Rae8 21. Rxf6 Nxf6 22. Bxf6 Be2 23. Qxh6# 1-0

[Event "Paul Keres qual."]
[Site "Montreal CAN"]
[Date "1994.11.01"]
[Round "1"]
[White "Gladu, Pierre"]
[Black "Rousseau, Daniel"]
[Result "1-0"]
[WhiteElo "2022"]
[BlackElo "2132"]
[PlyCount "61"]
[GameId "2160767912140140"]
[EventDate "1994.11.01"]
[EventType "tourn"]
[EventRounds "6"]
[EventCountry "CAN"]
[SourceTitle "hb 2011"]

1. e4 e5 2. Nf3 Nc6 3. Bb5 a6 4. Ba4 Nf6 5. O-O b5 6. Bb3 Bb7 7. c3 Bc5 8. d4 Bb6 9. dxe5 Ng4 10. Bxf7+ Kxf7 11. Ng5+ Kf8 12. Qxg4 Nxe5 13. Qf5+ Qf6 14. Nxh7+ Rxh7 15. Qxh7 Ng6 16. Nd2 Kf7 17. Qh3 Kg8 18. Nf3 Bxe4 19. Ng5 Bd5 20. Be3 Nf4 21. Qh7+ Kf8 22. Qh4 Ne2+ 23. Kh1 Qg6 24. Rae1 Qc2 25. Qg4 Re8 26. Rxe2 Qg6 27. Rfe1 d6 28. Bxb6 Rxe2 29. Qxe2 Bxg2+ 30. Kxg2 Qxg5+ 31. Kf1 1-0

[Event "Paul Keres qual."]
[Site "Montreal CAN"]
[Date "1994.11.15"]
[Round "2"]
[White "Rousseau, Daniel"]
[Black "Bolduc, Steve"]
[Result "0-1"]
[WhiteElo "2132"]
[BlackElo "2154"]
[PlyCount "102"]
[GameId "2160767912140141"]
[EventDate "1994.11.01"]
[EventType "tourn"]
[EventRounds "6"]
[EventCountry "CAN"]
[SourceTitle "Echec+ 1995.03"]

1. e4 c5 2. Nf3 Nc6 3. d4 cxd4 4. Nxd4 g6 5. Nc3 Bg7 6. Be3 Nf6 7. Be2 O-O 8. Nb3 a6 9. a4 d6 10. O-O Be6 11. f4 Na5 12. e5 Ne8 13. Nd4 Bc4 14. Nf3 Rc8 15. b3 Bxe2 16. Nxe2 Nc6 17. Ned4 Qa5 18. Nxc6 Rxc6 19. Bd4 Nc7 20. Qe2 Ne6 21. Be3 dxe5 22. fxe5 Bxe5 23. Nxe5 Qxe5 24. Qf2 Ng7 25. Rae1 Qc7 26. Bf4 Qd7 27. Bh6 f6 28. c4 Rd8 29. h3 Nf5 30. Bc1 e5 31. g4 Nd4 32. Bh6 Qe6 33. Re3 Re8 34. Rc3 Qe7 35. Be3 Rd8 36. Rb1 a5 37. Rcc1 Ne6 38. Rf1 Kg7 39. Rbe1 Rd3 40. Rb1 Nd4 41. Kh1 Ne6 42. b4 axb4 43. Rxb4 Nf4 44. Rfb1 Rc7 45. Qf3 g5 46. Qe4 Qd7 47. Rxb7 Rxe3 48. Rxc7 Qxc7 49. Qa8 Rxh3+ 50. Kg1 Qc5+ 51. Kf1 Qxc4+ 0-1

[Event "Paul Keres qual."]
[Site "Montreal CAN"]
[Date "1994.11.17"]
[Round "3"]
[White "Fillion, Robert"]
[Black "Rousseau, Daniel"]
[Result "0-1"]
[WhiteElo "1864"]
[BlackElo "2132"]
[PlyCount "52"]
[GameId "2160767912140142"]
[EventDate "1994.11.01"]
[EventType "tourn"]
[EventRounds "6"]
[EventCountry "CAN"]
[SourceTitle "hb 2011"]

1. c4 Nf6 2. Nc3 g6 3. g3 Bg7 4. Bg2 O-O 5. Nf3 d6 6. O-O e5 7. d3 Nc6 8. Rb1 h6 9. Bd2 Be6 10. Qc1 Kh7 11. b4 Qd7 12. Re1 Bh3 13. Bh1 Rae8 14. b5 Nd4 15. Ne4 Nxe4 16. dxe4 f5 17. Nxd4 exd4 18. exf5 Qxf5 19. f4 g5 20. Bxb7 gxf4 21. Bxf4 d3 22. e4 Bd4+ 23. Kh1 Qh5 24. Qd1 Bg4 25. Qd2 Bf3+ 26. Qg2 Rxf4 0-1